000 00880nam a22002897a 4500
001 5319
003 FISKH
005 20241126090505.0
008 241126b cb ||||| |||| 00| 0 eng d
020 _a9780307126283
040 _aFISKH
_beng
_cFISKH
_dFISKH
050 _aPZ7.M462
082 _a649.5
100 _aMayer, Mercer
_d(1943-)
245 _aJust me and my little brother /
_cBy Mercer Mayer For Arden and Benjamin with love
250 _aFirst Random House Edition 2006
260 _aNew York :
_bRandom House,
_c2006.
300 _a23 pages :
_bColor illustrations ;
_c21 cm
505 _aJ
520 _aStory of what a big brother does with his little brother throughout the year.
521 8 _a470L
_bLexile
521 8 _aJ
_bRaz-Plus
650 _2Brother
_aSiblings
650 _2Fiction
_aPicture book
942 _2ddc
_cBK
_n0
999 _c5319
_d5319